Nomi dei calciatori - Quiz n°29 - Statistics

Statistiche generali
  • Questo quiz è stato fatto 48 volte
  • Il punteggio medio è 8 su 10
Statistiche sulle risposte
Hint Risposta % Corretto
Salah Mohamed
100%
Lukaku Romelu
100%
Bonera Daniele
91%
Hernandez Lucas
91%
Smalling Chris
86%
Aršavin Andrej
74%
Malen Donyell
72%
Bellerin Héctor
70%
Masina Adam
67%
Mendy Nampalys
53%
Nessun quiz corrispondente trovato
Distribuzione punteggi
Percentuale di utenti per punteggio
Percentile per numero di risposta
I tuoi punteggi nel tempo
Non hai fatto questo quiz